|
|
|
|
| LEADER |
00908nam a2200229 a 4500 |
| 001 |
000638344 |
| 003 |
CZ BrMZK |
| 005 |
20220620120806.0 |
| 007 |
ta |
| 008 |
021126s1931 xr f cze d |
| 015 |
|
|
|a cnb001206862
|
| 040 |
|
|
|a BOA001
|b cze
|c BOA001
|
| 100 |
1 |
|
|a Kovanda, Stanislav,
|d 1878-1954
|7 jk01062428
|4 aut
|
| 245 |
1 |
0 |
|a Pianista z baru :
|b román /
|c Stanislav Kovanda ; obálku navrhl K. Jílek
|
| 260 |
|
|
|a Brno :
|b Družstvo Moravského kola spisovatelů,
|c [1931?]
|
| 300 |
|
|
|a 181 s.
|
| 500 |
|
|
|a Dostupné též v digitální podobě v aplikaci Kramerius
|
| 700 |
1 |
|
|a Jílek, Karel,
|d 1896-1983
|7 jk01051698
|4 bjd
|
| 856 |
4 |
1 |
|u http://www.digitalniknihovna.cz/mzk/uuid/uuid:76076ff0-243c-11ed-b654-5ef3fc9bb22f
|y Digitalizovaný dokument
|x NDK
|
| 910 |
|
|
|a BOA001
|b 1-0119.985
|
| 990 |
|
|
|a BK
|
| 996 |
7 |
|
|b 2619470258
|c 1-0119.985
|l MZK
|r Sklad / do 1 hodiny
|n 0
|w 000638344
|u 000010
|a 1
|e BOA001
|j MZK50
|s A
|